Microsoft MCSE Readiness review / (Record no. 125378)

MARC details
000 -LEADER
fixed length control field 00667nam a22002297a 4500
005 - DATE AND TIME OF LATEST TRANSACTION
control field 20170124105952.0
010 ## - LIBRARY OF CONGRESS CONTROL NUMBER
LC control number B-041446
020 ## - INTERNATIONAL STANDARD BOOK NUMBER
Terms of availability 425.00
International Standard Book Number 8123017661
035 ## - SYSTEM CONTROL NUMBER
System control number B-041446
037 ## - SOURCE OF ACQUISITION
Source of stock number/acquisition Cen Lib/Ret
040 ## - CATALOGING SOURCE
Original cataloging agency DPL
Language of cataloging EN
082 ## - DEWEY DECIMAL CLASSIFICATION NUMBER
Classification number 055.43
Item number PER
100 ## - MAIN ENTRY--PERSONAL NAME
Personal name Perkovich D.
9 (RLIN) 13925
245 ## - TITLE STATEMENT
Title Microsoft MCSE Readiness review /
Statement of responsibility, etc by Perkovich D.
260 ## - PUBLICATION, DISTRIBUTION, ETC. (IMPRINT)
Place of publication, distribution, etc New Delhi
Date of publication, distribution, etc 1977
Name of publisher, distributor, etc Prentice hall of India
270 ## - ADDRESS
City New Delhi
Address Cannuaght place
300 ## - PHYSICAL DESCRIPTION
Extent xix,322p.
Dimensions 212(Hb)
500 ## - GENERAL NOTE
General note Includes index
650 ## - SUBJECT ADDED ENTRY--TOPICAL TERM
Topical term or geographic name as entry element Computer science
9 (RLIN) 13926
650 ## - SUBJECT ADDED ENTRY--TOPICAL TERM
Topical term or geographic name as entry element Programming language
9 (RLIN) 13927
942 ## - ADDED ENTRY ELEMENTS (KOHA)
Source of classification or shelving scheme Dewey Decimal Classification
Koha item type English Books
Classification part 055.43
Call number suffix PER
Holdings
Withdrawn status Lost status Damaged status Not for loan Home library Current library Date acquired Source of acquisition Cost, normal purchase price Total Checkouts Full call number Barcode Date last seen Copy number Cost, replacement price Price effective from Koha item type
        Central Library Central Library 20/06/2015 Cen Lib/Ret 425.00   055.43 PER B-041446 20/06/2015 1 425.00 20/06/2015 English Books

© Delhi Public Library
Hit Counter
free hit counter